000 00250nam a22001217a 4500
999 _c13235
_d13235
020 _a9789696375449
082 _aHM22 P13
100 _aJ J Baloch
245 _aSociology
260 _aPakistan
_bParamount
_c2019
300 _a459 pages
942 _cBK